[Event "Mecklenburg VP LL2 West 0304"]
[Site "Mecklenburg VP"]
[Date "2003.11.02"]
[Round "2.1"]
[White "Voss, Kai"]
[Black "Reeps, Rickert"]
[Result "0-1"]
[WhiteElo "1692"]
[BlackElo "1604"]
[PlyCount "84"]
[EventDate "2003.09.28"]
[EventType "team-tourn"]
[EventRounds "9"]
[EventCountry "GER"]
[SourceTitle "EXT 2022"]
[Source "ChessBase"]
[SourceDate "2021.10.06"]
[SourceVersion "1"]
[SourceVersionDate "2021.10.06"]
[SourceQuality "1"]
[WhiteTeam "Warnemuende SF Ostsee II"]
[BlackTeam "Malchow Schachinsel"]
[WhiteTeamCountry "GER"]
[BlackTeamCountry "GER"]

1. e4 c5 2. Nf3 d6 3. d4 cxd4 4. Nxd4 Nf6 5. Nc3 e6 6. Be2 Be7 7. Be3 0-0 8. Qd2 a6 9. f3 Nc6 10. 0-0-0 Nxd4 11. Bxd4 e5 12. Be3 Be6 13. g4 b5 14. Nd5 Bxd5 15. exd5 Qc7 16. h4 Rfc8 17. Bd3 Nxd5 18. Be4 Nxe3 19. Qxe3 Rab8 20. Qd3 h6 21. Kb1 Qc4 22. Qd2 Kf8 23. g5 h5 24. Bd5 Qf4 25. Qd3 g6 26. Rde1 Rc5 27. Re4 Qg3 28. Qb3 Rbc8 29. Re2 Qf4 30. c3 a5 31. Re4 Qxf3 32. Rd4 Qf5+ 33. Be4 Qf4 34. Bd3 exd4 35. Rf1 Qxf1+ 36. Bxf1 dxc3 37. bxc3 Rxc3 38. Qxb5 Rc1+ 39. Kb2 R8c2+ 40. Ka3 Rc3+ 41. Ka4 d5 42. Kxa5 Rc5 0-1

[Event "Mecklenburg VP LL2 West 0203"]
[Site "Mecklenburg VP"]
[Date "2002.12.15"]
[Round "3.3"]
[White "Herde, Dittmar"]
[Black "Voss, Kai"]
[Result "1/2-1/2"]
[WhiteElo "1776"]
[BlackElo "1667"]
[PlyCount "40"]
[EventDate "2002.10.20"]
[EventType "team-tourn"]
[EventRounds "9"]
[EventCountry "GER"]
[SourceTitle "EXT 2022"]
[Source "ChessBase"]
[SourceDate "2021.10.06"]
[SourceVersion "1"]
[SourceVersionDate "2021.10.06"]
[SourceQuality "1"]
[WhiteTeam "Rostock PSV II"]
[BlackTeam "Warnemuende SF Ostsee II"]
[WhiteTeamCountry "GER"]
[BlackTeamCountry "GER"]

1. d4 d5 2. c4 e6 3. Nc3 Nf6 4. Bg5 Nbd7 5. e3 Be7 6. Nf3 0-0 7. Bd3 c5 8. 0-0 cxd4 9. exd4 dxc4 10. Bxc4 Nd5 11. Bxe7 Nxe7 12. Re1 Nf6 13. Qd2 b6 14. Rad1 Bb7 15. Ne5 Ned5 16. Nxd5 Bxd5 17. Bxd5 Qxd5 18. a3 Rac8 19. Rc1 h6 20. f3 Rfd8 1/2-1/2

[Event "Mecklenburg VP LL2 West 0203"]
[Site "Mecklenburg VP"]
[Date "2002.11.17"]
[Round "2.3"]
[White "Voss, Kai"]
[Black "Niemann, Silvio"]
[Result "0-1"]
[WhiteElo "1667"]
[BlackElo "1678"]
[PlyCount "80"]
[EventDate "2002.10.20"]
[EventType "team-tourn"]
[EventRounds "9"]
[EventCountry "GER"]
[SourceTitle "EXT 2022"]
[Source "ChessBase"]
[SourceDate "2021.10.06"]
[SourceVersion "1"]
[SourceVersionDate "2021.10.06"]
[SourceQuality "1"]
[WhiteTeam "Warnemuende SF Ostsee II"]
[BlackTeam "Parchim SV Blau-Weiss 69"]
[WhiteTeamCountry "GER"]
[BlackTeamCountry "GER"]

1. e4 c5 2. Nf3 d6 3. d4 cxd4 4. Nxd4 Nf6 5. Nc3 Nc6 6. Be2 a6 7. Be3 g6 8. f3 Bg7 9. Qd2 Bd7 10. 0-0-0 Rc8 11. g4 Ne5 12. h4 Nc4 13. Bxc4 Rxc4 14. h5 0-0 15. hxg6 fxg6 16. Bh6 Bxh6 17. Rxh6 Rf7 18. Rdh1 Qf8 19. Nde2 Rc5 20. Nf4 Rg7 21. Qh2 Qf7 22. Ncd5 Nxd5 23. exd5 Rc4 24. Ne6 Bxe6 25. dxe6 Qf4+ 26. Qxf4 Rxf4 27. R6h3 g5 28. Re1 Rg6 29. Reh1 Rg7 30. Re1 Rg6 31. Reh1 Rxe6 32. Rxh7 Re5 33. Rh8+ Kf7 34. Rf1 a5 35. b3 b5 36. Kb2 b4 37. Rh3 Re2 38. Kc1 Kf6 39. Kd1 Re5 40. Re1 Rd4+ 0-1

[Event "Mecklenburg VP LL2 Ost 0001"]
[Site "Mecklenburg VP"]
[Date "2001.02.18"]
[Round "6.8"]
[White "Blosze, Gerhard"]
[Black "Voss, Kai"]
[Result "1/2-1/2"]
[WhiteElo "1817"]
[BlackElo "1599"]
[PlyCount "36"]
[EventDate "2000.10.15"]
[EventType "team-tourn"]
[EventRounds "9"]
[EventCountry "GER"]
[SourceTitle "EXT 2016"]
[Source "ChessBase"]
[SourceDate "2015.10.08"]
[SourceVersion "1"]
[SourceVersionDate "2015.10.08"]
[SourceQuality "1"]
[WhiteTeam "Wolgast Motor"]
[BlackTeam "Warnemuende SF Ostsee II"]
[WhiteTeamCountry "GER"]
[BlackTeamCountry "GER"]

1. e4 c5 2. Nf3 Nc6 3. d4 cxd4 4. Nxd4 d6 5. Nc3 a6 6. Be3 Nf6 7. Be2 g6 8. Qd2 Bg7 9. 0-0-0 0-0 10. h4 h5 11. f3 Bd7 12. Kb1 Qc8 13. Bg5 Nxd4 14. Qxd4 Be6 15. Qe3 b5 16. Nd5 Nxd5 17. exd5 Bf5 18. Bd3 Re8 1/2-1/2